000 00624nam a22001937a 4500
005 20251108164222.0
008 250721s1995 xx 000 0 ara d
082 1 4 _a109/عزت
100 1 _aقرني، عزت
245 1 0 _aمستقبل الفلسفة في مصر :
_bحديث في أسس الإستراتيجية المصرية و بناء الثقافة العربية الجديدة /
264 1 _aالقاهرة :
_bعالم الكتب،
_c1995.
300 _a302ص
650 1 7 _aالفلسفة
650 1 7 _aالتاريخ
650 1 7 _aالثقافة
650 1 7 _aمصر
942 _2ddc
_cBK
999 _c6674
_d6674